[Event "Wch U16 Girls"]
[Site "Mumbai"]
[Date "2019.10.12"]
[Round "11"]
[White "Loskutova, Viktoriya"]
[Black "Achaya, Vijayan"]
[Result "1-0"]
[WhiteElo "2149"]
[BlackElo "1585"]
[PlyCount "111"]
[EventDate "2019.10.02"]
[EventType "swiss"]
[EventRounds "11"]
[EventCountry "IND"]
[SourceTitle "EXT 2020"]
[Source "ChessBase"]
[SourceDate "2019.10.17"]
[SourceVersion "1"]
[SourceVersionDate "2019.10.17"]
[SourceQuality "1"]

1. e4 c5 2. Nf3 Nc6 3. d4 cxd4 4. Nxd4 Nf6 5. Nc3 e5 6. Ndb5 d6 7. Bg5 a6 8. Na3 b5 9. Bxf6 gxf6 10. Nd5 f5 11. Bd3 Be6 12. 0-0 Bg7 13. Qh5 f4 14. c4 bxc4 15. Bxc4 0-0 16. Rac1 Kh8 17. Rfd1 Rg8 18. Nc3 Bf8 19. Bxe6 fxe6 20. Ne2 Rc8 21. Nc4 Be7 22. Rc3 Rg5 23. Qh3 Qf8 24. Nb6 Rc7 25. Rdc1 Nd4 26. Nxd4 Rxc3 27. bxc3 exd4 28. cxd4 Bd8 29. Nc4 f3 30. g3 Qf4 31. Re1 Rg6 32. Re3 Rh6 33. gxf4 Rxh3 34. Nxd6 Bb6 35. Nf7+ Kg7 36. Ng5 Rh4 37. Nxe6+ Kf6 38. Ng5 Bxd4 39. Rxf3 h6 40. Nh3 Rh5 41. e5+ Ke6 42. Kg2 Rf5 43. Ra3 Kd5 44. Rxa6 h5 45. Kf3 Rf8 46. Rd6+ Kc4 47. Ke4 Bc5 48. Rh6 Ra8 49. Rxh5 Rxa2 50. f5 Re2+ 51. Kf4 Bd4 52. f6 Kd5 53. f7 Bc5 54. e6+ Kc6 55. Rxc5+ Kxc5 56. f8Q+ 1-0

[Event "Wch U16 Girls"]
[Site "Mumbai"]
[Date "2019.10.06"]
[Round "6"]
[White "Achaya, Vijayan"]
[Black "Moncada Correa, Sara"]
[Result "1-0"]
[WhiteElo "1585"]
[BlackElo "1939"]
[PlyCount "67"]
[EventDate "2019.10.02"]
[EventType "swiss"]
[EventRounds "11"]
[EventCountry "IND"]
[SourceTitle "EXT 2020"]
[Source "ChessBase"]
[SourceDate "2019.10.17"]
[SourceVersion "1"]
[SourceVersionDate "2019.10.17"]
[SourceQuality "1"]

1. d4 d5 2. c4 c6 3. Nf3 Nf6 4. Nc3 dxc4 5. a4 Bf5 6. Ne5 Nbd7 7. Nxc4 Qc7 8. g3 e5 9. dxe5 Nxe5 10. Bf4 Nfd7 11. Bg2 g5 12. Ne3 gxf4 13. Nxf5 0-0-0 14. Qc2 Bc5 15. gxf4 Rhg8 16. 0-0 Ng6 17. e3 Nf6 18. Kh1 Kb8 19. Ne2 Bb4 20. Qb3 Qa5 21. Ned4 Nd5 22. Rac1 c5 23. Nb5 a6 24. Nbd6 Nc7 25. Nxb7 Qb6 26. Nxd8 Rxd8 27. Rfd1 Rf8 28. Rd6 Qa5 29. Rd7 Nh8 30. Rcd1 Ka7 31. Qd5 Qb6 32. Qe5 Rc8 33. Ne7 Re8 34. Rxc7+ 1-0